| 000 -LEADER |
| fixed length control field |
01123nam a22002417a 4500 |
| 003 - CONTROL NUMBER IDENTIFIER |
| control field |
OSt |
| 005 - DATE AND TIME OF LATEST TRANSACTION |
| control field |
20250226084118.0 |
| 008 - FIXED-LENGTH DATA ELEMENTS--GENERAL INFORMATION |
| fixed length control field |
250226b ||||| |||| 00| 0 eng d |
| 020 ## - INTERNATIONAL STANDARD BOOK NUMBER |
| International Standard Book Number |
9781786708755 |
| 040 ## - CATALOGING SOURCE |
| Transcribing agency |
KH8 |
| 082 ## - DEWEY DECIMAL CLASSIFICATION NUMBER |
| Classification number |
300 WON |
| 130 ## - MAIN ENTRY--UNIFORM TITLE |
| Uniform title |
Wonders of the world |
| 245 ## - TITLE STATEMENT |
| Title |
Wonders of the world / |
| Statement of responsibility, etc. |
designed byCharlie Wood- Penn & edited by Bobby Newlyn- Jones. |
| 260 ## - PUBLICATION, DISTRIBUTION, ETC. |
| Place of publication, distribution, etc. |
United Kingdom ; |
| Name of publisher, distributor, etc. |
Igloo Books Ltd , |
| Date of publication, distribution, etc. |
2017. |
| 300 ## - PHYSICAL DESCRIPTION |
| Extent |
172 pages : |
| Other physical details |
colour illustrations ; |
| Dimensions |
28 cm. |
| 520 ## - SUMMARY, ETC. |
| Summary, etc. |
Be inspired as you explore some of the most beautiful places on earth. From unusual temples and towers to historic castles and beyond, this fantastic book features some of the most spectacular visions the world has to offer.<br/><br/>With facts about each location and spectacular imagery, this book makes a memorable gift or is perfect for anyone hoping to see more of amazing Wonders of the Worlds. |
| 650 ## - SUBJECT ADDED ENTRY--TOPICAL TERM |
| Topical term or geographic name entry element |
Travel & holiday |
| 650 ## - SUBJECT ADDED ENTRY--TOPICAL TERM |
| Topical term or geographic name entry element |
Historical places |
| 700 ## - ADDED ENTRY--PERSONAL NAME |
| Personal name |
Penn, Charlie Wood , |
| Relator term |
designer. |
| 700 ## - ADDED ENTRY--PERSONAL NAME |
| Personal name |
Jones, Bobby Newlyn, |
| Relator term |
editor. |
| 710 ## - ADDED ENTRY--CORPORATE NAME |
| Corporate name or jurisdiction name as entry element |
Igloo Books, |
| Relator term |
publisher. |
| 942 ## - ADDED ENTRY ELEMENTS (KOHA) |
| Source of classification or shelving scheme |
|
| Koha item type |
Books - Non Ficton |